000 01505cam a2200241 4500
001 ABS64529
008 010928n2001 000 0 eng u
035 _a(Sirsi) u114934
245 _aLG Caltex Gas Co v China Petroleum Corporations
260 _c2001
490 _aBuilding Law Reports
_v[2001] BLR 325-342(18)
520 _aCA 15 May 2001. Appeal by appellant L against HC decision (see Abs64352) which held that as the parties had entered into an ad hoc agreement to give the arbitrator jurisdiction to decide whether there was a binding contract of sale between them and therefore this agreement precluded any challenge to the arbitrators ultimate award that there was a no sale agreement between them. The CA held that the HC had erred in finding that there had been an ad hoc agreement and that the parties had the right to challenge the arbitrator's award in accordance with the Arbitration Act 1996 s67. Appeal allowed.
590 _aABS
650 _aLG CALTEX GAS LTD AND CONTIGROUP INC V CHINA NATIONAL PETROLEUM CORPORATION AND CHINA PETROLEUM TECHNOLOGY & DEVELOPMENT CORPORATION
650 _aMANAGEMENT-DISPUTE AVOIDANCE, MANAGEMENT AND RESOLUTION-DISPUTE MANAGEMENT AND RESOLUTION-ARBITRATION
650 _aJURISDICTION
650 _aARBITRATION ACT 1996 S67
650 _aARBITRATION ACT 1996 S73
650 _aCHINA
650 _aCONTRACT OF SALE
690 _aMANGEMENT-DISPUTE AVOIDANCE, MANAGEMENT AND RESOLUTION-DISPUTE MANAGEMENT AND RESOLUTION
942 _n0
999 _c68431
_d68431